000 00360nam a2200145Ia 4500
008 230711s9999||||xx |||||||||||||| ||und||
041 _aENG
082 _a667
_bMU-S
100 _aMurphy,WS
245 2 _aA practical guide to spinning
250 _a1st . Ed.
260 _c2000
_aNew Delhi
_bAbhishek Publications
650 _aTextile Engineering
942 _cBK
999 _c3912
_d3912